000 00591nam a2200205 4500
001 120896
003 ES-MaACL
005 20230906191639.0
007 t|
008 070214s1952 sp r ||||1| spa d
100 1 _aPombo Angulo, Manuel.
_992912
245 1 3 _aEl agua amarga
_b: novela /
_cManuel Pombo Angulo.
250 _a1ª. ed.
260 _aBarcelona :
_bPlaneta,
_c1952.
300 _a348 p. ;
_c19 cm.
490 1 _aAutores españoles contemporáneos
830 0 _aAutores españoles contemporáneos
_9180811
852 _aES-MaACL
_jC-6021
_bR.33393
999 _c120896
_d120896